Ragazzi che amano ragazzi /

সংরক্ষণ করুন:
গ্রন্থ-পঞ্জীর বিবরন
প্রধান লেখক: Paterlini, Piergiorgio
বিন্যাস: গ্রন্থ
ভাষা:ইংরেজি
প্রকাশিত: Milano Feltrinelli 2000
সংস্করন:Nuova edizione ampliata
ট্যাগগুলো: ট্যাগ যুক্ত করুন
কোনো ট্যাগ নেই, প্রথমজন হিসাবে ট্যাগ করুন!

MARC

LEADER 00000nam a2200000 4500
003 claudio
005 20250729182343.0
008 250729b |||||||| |||| 00| 0 eng d
020 |a 8807815192 
020 |a 9788807815195 
040 |c claudio 
100 |a Paterlini, Piergiorgio 
245 |a Ragazzi che amano ragazzi /  |c Piergiorgio Paterlini 
250 |a Nuova edizione ampliata 
260 |a Milano  |b Feltrinelli  |c 2000 
942 |2 ddc  |c BK  |n 0 
952 |0 0  |1 0  |2 ddc  |4 1  |6 306_700000000000000_PAT_RAG  |7 1  |9 9406  |a GE  |b GE  |d 2025-07-29  |l 0  |o 306.7 PAT RAG  |p 2077  |r 2025-07-29 18:21:11  |w 2025-07-29  |x Libro arrivato come donazione di GIovanni Delfino, ma riconosciuto come uno dei libri che era scomparso negli anni dalla nostra biblioteca  |y BK 
999 |c 7851  |d 7851